000 00489nam a2200157 a 4500
001 000033714
005 20200930070449.0
008 110906s1892 xxu 000 0 eng d
040 _aDO-SdBNP
_bspa
_cBNPHU
082 _axxx
_bI72
100 1 _aIrving, Washington,
_d1783-1859.
_911986
245 1 3 _aThe life and voyages of Christopher Columbus /
_cWashington Irving.
260 _aPhiladelphia :
_bDavid McKay,
_c1892.
300 _av. ;
_c19 cm.
500 _aLa biblioteca posee el volumen 1
999 _c33205
_d33205